Normal view
MARC view
- Ellsberg R.Ed. & Laity S.A
Entry Personal Name
001 - CONTROL NUMBER
- control field: 191176
003 - CONTROL NUMBER IDENTIFIER
- control field: OSt
005 - DATE AND TIME OF LATEST TRANSACTION
- control field: 20230714213432.0
008 - FIXED-LENGTH DATA ELEMENTS
- fixed length control field: 230714|| aca||aabn | a|a d
040 ## - CATALOGING SOURCE
- Original cataloging agency: OSt
- Transcribing agency: OSt
100 ## - HEADING--PERSONAL NAME
- Personal name: Ellsberg R.Ed. & Laity S.A
670 ## - SOURCE DATA FOUND
- Source citation: Work cat.: (OSt)199848: Ellsberg R.Ed. 172520, Sunshine And Green Leaves:, 2009